<?xml version="1.0" encoding="UTF-8"?>
<record
    xmlns:xsi="http://www.w3.org/2001/XMLSchema-instance"
    xsi:schemaLocation="http://www.loc.gov/MARC21/slim http://www.loc.gov/standards/marcxml/schema/MARC21slim.xsd"
    xmlns="http://www.loc.gov/MARC21/slim">

  <leader>00765nam a22001577a 4500</leader>
  <controlfield tag="003">OSt</controlfield>
  <controlfield tag="005">20151108162711.0</controlfield>
  <controlfield tag="008">151108b        xxu||||| |||| 00| 0 eng d</controlfield>
  <datafield tag="040" ind1=" " ind2=" ">
    <subfield code="c">RUA</subfield>
  </datafield>
  <datafield tag="082" ind1=" " ind2=" ">
    <subfield code="a">FOR KIM 2003 B129 Or.1</subfield>
  </datafield>
  <datafield tag="100" ind1=" " ind2=" ">
    <subfield code="9">3493</subfield>
    <subfield code="a">KIM, TENG.</subfield>
  </datafield>
  <datafield tag="245" ind1=" " ind2=" ">
    <subfield code="a">Study of silvicultural knowledges carried out by local community in sdao commune rattanakmondul district battambang province, &#x179F;&#x17B7;&#x1780;&#x17D2;&#x179F;&#x17B6;&#x1796;&#x17B8;&#x1785;&#x17C6;&#x178E;&#x17C1;&#x17C7;&#x178A;&#x17B9;&#x1784;&#x179A;&#x17BB;&#x1780;&#x17D2;&#x1781;&#x179C;&#x1794;&#x17D2;&#x1794;&#x1780;&#x1798;&#x17D2;&#x1798;&#x178A;&#x17C2;&#x179B;&#x17A2;&#x1793;&#x17BB;&#x179C;&#x178F;&#x17D2;&#x178A;&#x1793;&#x17CD;&#x178A;&#x17C4;&#x1799;&#x1794;&#x17D2;&#x179A;&#x1787;&#x17B6;&#x1787;&#x1793;&#x179F;&#x17A0;&#x1782;&#x1798;&#x1793;&#x17CD; &#x1783;&#x17BB;&#x17C6;&#x179F;&#x17D2;&#x178A;&#x17C5; &#x179F;&#x17D2;&#x179A;&#x17BB;&#x1780;&#x179A;&#x178F;&#x1793;&#x17C8;&#x1798;&#x178E;&#x17D2;&#x178A;&#x179B; &#x1781;&#x17C1;&#x178F;&#x17D2;&#x178F;&#x1794;&#x17B6;&#x178F;&#x17CB;&#x178A;&#x17C6;&#x1794;&#x1784;</subfield>
  </datafield>
  <datafield tag="260" ind1=" " ind2=" ">
    <subfield code="a">Phnom Penh</subfield>
    <subfield code="b">RUA</subfield>
    <subfield code="c">2003</subfield>
  </datafield>
  <datafield tag="300" ind1=" " ind2=" ">
    <subfield code="a">viii; 50p.</subfield>
    <subfield code="b">ill.</subfield>
    <subfield code="c">29cm.</subfield>
  </datafield>
  <datafield tag="942" ind1=" " ind2=" ">
    <subfield code="2">ddc</subfield>
    <subfield code="c">FOR</subfield>
  </datafield>
  <datafield tag="999" ind1=" " ind2=" ">
    <subfield code="c">3259</subfield>
    <subfield code="d">3259</subfield>
  </datafield>
  <datafield tag="952" ind1=" " ind2=" ">
    <subfield code="0">0</subfield>
    <subfield code="1">0</subfield>
    <subfield code="2">ddc</subfield>
    <subfield code="4">0</subfield>
    <subfield code="6">FOR_KIM_2003_000000000000000_B129_OR_1</subfield>
    <subfield code="7">0</subfield>
    <subfield code="9">15273</subfield>
    <subfield code="a">LBB</subfield>
    <subfield code="b">LBB</subfield>
    <subfield code="c">B129</subfield>
    <subfield code="d">2015-11-08</subfield>
    <subfield code="o">FOR KIM 2003 B129 Or.1</subfield>
    <subfield code="p">RUA028011</subfield>
    <subfield code="r">2015-11-08</subfield>
    <subfield code="w">2015-11-08</subfield>
    <subfield code="y">FOR</subfield>
  </datafield>
  <datafield tag="952" ind1=" " ind2=" ">
    <subfield code="0">0</subfield>
    <subfield code="1">0</subfield>
    <subfield code="2">ddc</subfield>
    <subfield code="4">0</subfield>
    <subfield code="6">FOR_KIM_2003_000000000000000_B129_OR_2</subfield>
    <subfield code="7">0</subfield>
    <subfield code="9">15274</subfield>
    <subfield code="a">LBB</subfield>
    <subfield code="b">LBB</subfield>
    <subfield code="c">B129</subfield>
    <subfield code="d">2015-11-08</subfield>
    <subfield code="o">FOR KIM 2003 B129 Or.2</subfield>
    <subfield code="p">RUA028401</subfield>
    <subfield code="r">2015-11-08</subfield>
    <subfield code="w">2015-11-08</subfield>
    <subfield code="y">FOR</subfield>
  </datafield>
  <datafield tag="952" ind1=" " ind2=" ">
    <subfield code="0">0</subfield>
    <subfield code="1">0</subfield>
    <subfield code="2">ddc</subfield>
    <subfield code="4">0</subfield>
    <subfield code="6">FOR_KIM_2003_000000000000000_B129_OR_3</subfield>
    <subfield code="7">0</subfield>
    <subfield code="9">15275</subfield>
    <subfield code="a">LBB</subfield>
    <subfield code="b">LBB</subfield>
    <subfield code="c">B129</subfield>
    <subfield code="d">2015-11-08</subfield>
    <subfield code="o">FOR KIM 2003 B129 Or.3</subfield>
    <subfield code="p">RUA028185</subfield>
    <subfield code="r">2015-11-08</subfield>
    <subfield code="w">2015-11-08</subfield>
    <subfield code="y">FOR</subfield>
  </datafield>
  <datafield tag="952" ind1=" " ind2=" ">
    <subfield code="0">0</subfield>
    <subfield code="1">0</subfield>
    <subfield code="2">ddc</subfield>
    <subfield code="4">0</subfield>
    <subfield code="6">FOR_KIM_2003_000000000000000_B129_OR_4</subfield>
    <subfield code="7">0</subfield>
    <subfield code="9">15276</subfield>
    <subfield code="a">LBB</subfield>
    <subfield code="b">LBB</subfield>
    <subfield code="c">B129</subfield>
    <subfield code="d">2015-11-08</subfield>
    <subfield code="o">FOR KIM 2003 B129 Or.4</subfield>
    <subfield code="p">RUA028084</subfield>
    <subfield code="r">2015-11-08</subfield>
    <subfield code="w">2015-11-08</subfield>
    <subfield code="y">FOR</subfield>
  </datafield>
  <datafield tag="952" ind1=" " ind2=" ">
    <subfield code="0">0</subfield>
    <subfield code="1">0</subfield>
    <subfield code="2">ddc</subfield>
    <subfield code="4">0</subfield>
    <subfield code="6">FOR_KIM_2003_000000000000000_B129_OR_5</subfield>
    <subfield code="7">0</subfield>
    <subfield code="9">15277</subfield>
    <subfield code="a">LBB</subfield>
    <subfield code="b">LBB</subfield>
    <subfield code="c">B129</subfield>
    <subfield code="d">2015-11-08</subfield>
    <subfield code="o">FOR KIM 2003 B129 Or.5</subfield>
    <subfield code="p">RUA028012</subfield>
    <subfield code="r">2015-11-08</subfield>
    <subfield code="w">2015-11-08</subfield>
    <subfield code="y">FOR</subfield>
  </datafield>
</record>
